000 00527nam a2200181Ia 4500
005 20250508151343.0
008 008 250505s9999 xx 000 0 eng d
037 _aTextual
040 _aFEDL
_beng
_cFEDL
041 _aeng
_2eng
084 _a153.93, WAV
_qFEDL
100 _aWaverley Martin
_9758936
245 0 _aPreparation for the working of intelligence tests
260 _aLondon, UK
_bGeorge G. Harrap and Co. Ltd
_c1953
300 _a42p
942 _cTEXL
_h153.93, WAV
999 _c1329245
_d1329245